000 00466nam a22001217a 4500
999 _c21602
_d21602
008 240913b ||||| |||| 00| 0 eng d
100 _aVentura, Elmer Z.
_eauthor.
_960944
245 _aTen useful tips for theft prevention during school vacation /
_cElmer Z. Ventura.
260 _aPhilippines;
_bPublishers Association of the Philippines, Inc.,
_cMarch 2020.
300 _aVolume 168, pages 378.
700 _aVentura, Elmer Z.
_eauthor.
_960944
942 _2ddc
_cPER